000 01109cam a22002174a 4500
005 20250605164250.0
008 250528s ||||||||||||||||||||||||d
035 _a21722
020 _a9789607308801
040 _aGR-AtMCL
_bgre
_dGR-AtMCL
_eAACR2
245 1 _aΜΕΘΟΔΟΛΟΓΙΑ ΕΡΕΥΝΑΣ: ΕΦΑΡΜΟΓΕΣ ΣΤΟ ΧΩΡΟ ΤΗΣ ΥΓΕΙΑΣ
250 _a3
260 _bΒητα Ιατρικες Εκδόσεις,
_c2007
300 _a334
505 0 _aΝΟΣΗΛΕΥΤΙΚΗ ΕΡΕΥΝΑ ΕΡΕΥΝΗΤΙΚΗ ΔΙΕΡΓΑΣΙΑ ΗΘΙΚΗ ΕΡΕΥΝΗΤΙΚΑ ΠΡΟΒΛΗΜΑΤΑ ΔΕΙΓΜΑΤΟΛΗΨΙΑ ΜΕΔΟΔΟΙ ΠΟΙΟΤΙΚΗ ΑΝΑΛΥΣΗ ΜΕΤΑΒΛΗΤΕΣ ΚΡΙΤΙΚΗ ΕΡΕΥΝΑ
520 _aΝΟΣΗΛΕΥΤΙΚΗ ΕΡΕΥΝΑ ΕΡΕΥΝΗΤΙΚΗ ΔΙΕΡΓΑΣΙΑ ΗΘΙΚΗ ΕΡΕΥΝΗΤΙΚΑ ΠΡΟΒΛΗΜΑΤΑ ΔΕΙΓΜΑΤΟΛΗΨΙΑ ΜΕΔΟΔΟΙ ΠΟΙΟΤΙΚΗ ΑΝΑΛΥΣΗ ΜΕΤΑΒΛΗΤΕΣ ΚΡΙΤΙΚΗ ΕΡΕΥΝΑ
700 1 _aΣαχινη Καρδαση Α
_97651
942 _cBK
999 _c6781
_d6781